Planeamiento de un sistema de microonda digital para el sistema eléctrico del I.C.E.
Salvato in:
| Autore principale: | |
|---|---|
| Altri autori: | , |
| Natura: | Libro |
| Pubblicazione: |
San José, Costa Rica
1987
|
| Soggetti: | |
| Tags: |
Aggiungi Tag
Nessun Tag, puoi essere il primo ad aggiungerne!!
|
MARC
| LEADER | 00000nam a2200000Ia 4500 | ||
|---|---|---|---|
| 003 | 004541 | ||
| 005 | 20221231144346.0 | ||
| 008 | 140114s1987 cr a m 000 ||s d | ||
| 040 | |c cru CEDI | ||
| 090 | |a TFG 2062 | ||
| 100 | |a Salazar Vargas, Felipe |9 13698 | ||
| 245 | |a Planeamiento de un sistema de microonda digital para el sistema eléctrico del I.C.E. | ||
| 260 | |c 1987 |a San José, Costa Rica | ||
| 300 | |a xii, 163 hojas : ilustraciones ; 28 cm | ||
| 500 | |a Seminario de graduación (licenciatura en ingeniería eléctrica)--Universidad de Costa Rica. Facultad de Ingeniería. Escuela de Ingenieria Eléctrica | ||
| 650 | |x SISTEMAS DE COMUNICACION POR MICROONDAS - COSTA RICA |9 13701 | ||
| 700 | |9 13699 |a Montes de Oca Murillo, José Faustino | ||
| 700 | |9 13700 |a Retana Méndez, Carlos | ||
| 942 | |c TFG |2 ddc | ||
| 999 | |c 20682 |d 20682 | ||
